Statistiques concernant Quel est ce Pokémon ? par image #2

Cliquez ici pour prendre le quiz!

Statistiques générales

  • Ce quiz a été pris 82 fois
  • Le résultat moyen est 9 sur 16

Statistiques - réponses

Réponse% Correct
Chenipan
94%
Paras
81%
Donphan
76%
Chimpenfeu
75%
Miradar
75%
Funécire
72%
Genesect
72%
Cotovol
69%
Mucuscule
65%
Vostourno
57%
Salarsen
44%
M. Glaquette
40%
Pohmarmotte
34%
Candine
32%
Bleuseille
31%
Pierroteknik
22%

Distribution des résultats

Percentile par nombre de réponses

% des personnes avec chaque résultat

Votre développement - résultats

Vous n’avez pas pris ce quiz